LEADER 01604nam0 2200373 i 450 001 CFI0099589 005 20231121125436.0 020 $aIT$b89-7411 100 $a20030703f1989 ||||0itac50 ba 101 | $aita 102 $ait 181 1$6z01$ai $bxxxe 182 1$6z01$an 200 1 $a˜I œmiei rapporti con Ugo La Malfa ai tempi del Corriere$fGiovanni Spadolini 210 $a S. l.$cs. n.$d1989?! 215 $aP. 36-106$d24 cm. 225 | $aQuaderni degli Annali Ugo La Malfa$v3 410 0$1001CFI0058071$12001 $aQuaderni degli Annali Ugo La Malfa$v3 606 $aSpadolini, Giovanni$2FIR$3RMLC152182$9I 606 $aLa Malfa, Ugo$xBiografie$2FIR$3RMLC172341$9N 676 $a324.24505092$9Partiti moderni italiani. Partiti di centro. Singole persone.$v22 700 1$aSpadolini$b, Giovanni$3CFIV003244$4070$037465 790 1$aSpadolini$b, Giovanni$3RMLV252810$zSpadolini, Giovanni 790 0$aSpadolini$3TSAV593962$zSpadolini, Giovanni 801 3$aIT$bIT-01$c20030703 850 $aIT-RM028 $aIT-RM1248 $aIT-FR0017 899 $aBiblioteca Universitaria Alessandrina$bRM028 899 $aBiblioteca Della Fondazione Pietro Nenni$bRM1248 899 $aBiblioteca umanistica Giorgio Aprea$bFR0017 912 $aCFI0099589 950 0$aBiblioteca umanistica Giorgio Aprea$d 52DGA OPU 9$e 52SBA0000268295 VMB RS $fA $h20210518$i20210518 977 $a 01$a 23$a 52 996 $aMiei rapporti con Ugo La Malfa ai tempi del Corriere$93604905 997 $aUNICAS